000 00419nam a2200157 i 4500
001 bg
100 1 _aGostiščev, V. S.
245 0 _aOpyt raboty bazovoj izotopnoj laboratorii Severo-Kavkazskogo SNCH /
_cV. S. Gostiščew.
260 _aMoskva :
_bAtomizdat,
_c1965.
300 _as. 54, 2 nlb.
040 _cBPK
041 _apol
080 _a621.039
942 _cKS
008 s pl f |000 0 pol
999 _c12848
_d12848
856 _uhttp://koha.tu.koszalin.pl/cgi-bin/koha/opac-detail.pl?biblionumber=12848
_yKatalog online BPK